000 00293nam a22001337a 4500
008 170627b xxu||||| |||| 00| 0 eng d
020 _a9780312486860
041 _aeng
080 _a05
100 _a21
101 _aGJL
245 _aTHE WRITERS PRESENCE
_cMCQUADE.D
942 _2udc
_cBK
999 _c19288
_d19288